00308pab a2200097 454500008003600000100002100036245007900057650002300136700001800159773003300177180718b xxu||||| |||| 00| 0 eng d aKee, James Edwin aThe crisis and anticrisis dynamic: rebalancing the American federal system aFederalism - U.S.A aShannon, John aPublic Administration Review